LEADER 02668nam 2200613Ia 450 001 9910450226503321 005 20200520144314.0 010 $a1-280-23148-3 010 $a9786610231485 010 $a1-4237-4806-9 010 $a1-904602-48-7 035 $a(CKB)1000000000032794 035 $a(EBL)258188 035 $a(OCoLC)191039159 035 $a(SSID)ssj0000221611 035 $a(PQKBManifestationID)11197800 035 $a(PQKBTitleCode)TC0000221611 035 $a(PQKBWorkID)10162772 035 $a(PQKB)11069020 035 $a(MiAaPQ)EBC258188 035 $a(Au-PeEL)EBL258188 035 $a(CaPaEBR)ebr10089244 035 $a(CaONFJC)MIL23148 035 $a(OCoLC)63148200 035 $a(EXLCZ)991000000000032794 100 $a20060527d2005 uy 0 101 0 $aeng 135 $aur|n|---||||| 181 $ctxt 182 $cc 183 $acr 200 10$aPhysics of solid-state lasers$b[electronic resource] /$fV.V. Antsiferov and G.I. Smirnov 210 $aCambridge, U.K. $cCambridge International Science Publishing$d2005 215 $a1 online resource (179 p.) 300 $aDescription based upon print version of record. 311 $a1-898326-17-7 320 $aIncludes bibliographical references and index. 327 $aCover; Contents; Preface; Introduction; 1. Solid-state chromium lasers in free lasing regime; 2. Solid-state neodymium lasers in free lasing regime; 3. Generation of powerful single-frequency giant radiation pulses in solid-state lasers; 4. Lasing of stable supershort radiation pulses in solid-state lasers; 5. Increasing the lasing efficiency of solid-state lasers; 6. Principles of lasing of solid-state lasers; 7. Stochastic and transition processes in solid-state lasers; References; Index 330 $aThe authors examine the processes of interaction of coherent radiation with solids, physical relationships governing lasing in dielectric crystals and glasses, activated by luminescent impurities. Solid-state lasers on crystals and glass are used most extensively in science and technology, because of their compact form, durability and a number of unique radiation parameters. 606 $aSolid-state lasers 606 $aLasers 608 $aElectronic books. 615 0$aSolid-state lasers. 615 0$aLasers. 676 $a621.36/61 700 $aAnt?siferov$b V. V$g(Vitalii? Vasil?evich)$0904863 701 $aSmirnov$b Gennadii? Ivanovich$0904864 801 0$bMiAaPQ 801 1$bMiAaPQ 801 2$bMiAaPQ 906 $aBOOK 912 $a9910450226503321 996 $aPhysics of solid-state lasers$92023556 997 $aUNINA LEADER 01468cam0 2200301 450 001 E600200058136 005 20240710090258.0 100 $a20100105d1970 |||||ita|0103 ba 101 $aita 102 $aIT 200 1 $aMemoria illustrativa della Carta della utilizzazione del suolo della Campania (Fogli 14, 15, 16, 17 e 19 della Carta della utilizzazione del suolo d'Italia)$fDomenico Ruocco$gcon una introduzione di Carmelo Colamonico 210 $aRoma$cConsiglio Nazionale delle Ricerche$d1970 215 $a182 p.$cc. geogr. f.t. : ill.$d24 cm 225 2 $aMemorie regionali illustrative della carta della utilizzazione del suolo d'Italia 410 1$1001LAEC00028236$12001 $a*Memorie regionali illustrative della carta della utilizzazione del suolo d'Italia 700 1$aRuocco$b, Domenico$3AF00006205$4070$023763 702 1$aColamonico, Carmelo$3AF00006376$4070 801 0$aIT$bUNISOB$c20240710$gRICA 850 $aUNISOB 852 $aUNISOB$j910$m73968 852 $aUNISOB$j910|Coll|4|K$m10968 912 $aE600200058136 940 $aM 102 Monografia moderna SBN 941 $aM 957 $a910$b000692$gSi$d73968$racquisto$1vittorini$2UNISOB$3UNISOB$420100105112318.0$520170426142749.0$6bethb 957 $a910|Coll|4|K$b000011$gSi$d10968$rAcquisto$1vittorini$2UNISOB$3UNISOB$420100301085929.0$520200722122551.0$6Spinosa 996 $aMemoria illustrativa della carta della utilizzazione del suolo della Campania$9108702 997 $aUNISOB